AKTA PENGANGKUTAN JALAN 1987 (AKTA 333) & AKTA LEMBAGA PELESENAN KENDERAAN PERDAGANGAN 1987 (AKTA 334) : (Record no. 4680)

000 -LEADER
fixed length control field nam a22 a 4500
003 - CONTROL NUMBER IDENTIFIER
control field AKMAL
005 - DATE AND TIME OF LATEST TRANSACTION
control field 20170727160431.0
008 - FIXED-LENGTH DATA ELEMENTS--GENERAL INFORMATION
fixed length control field 170727t2017 my e l 000 0 may d
020 ## - INTERNATIONAL STANDARD BOOK NUMBER
Terms of availability RM48.00
040 ## - CATALOGING SOURCE
Original cataloging agency AKMAL
082 04 - DEWEY DECIMAL CLASSIFICATION NUMBER
Classification number 343.595094 MAL
090 00 - LOCALLY ASSIGNED LC-TYPE CALL NUMBER (OCLC); LOCAL CALL NUMBER (RLIN)
Classification number (OCLC) (R) ; Classification number, CALL (RLIN) (NR) 343.595094
Local cutter number (OCLC) ; Book number/undivided call number, CALL (RLIN) MAL
110 1# - MAIN ENTRY--CORPORATE NAME
Corporate name or jurisdiction name as entry element Malaysia,
Relator term jurisdiction governed.
9 (RLIN) 400
245 10 - TITLE STATEMENT
Title AKTA PENGANGKUTAN JALAN 1987 (AKTA 333) & AKTA LEMBAGA PELESENAN KENDERAAN PERDAGANGAN 1987 (AKTA 334) :
Remainder of title (pindaan sehingga Januari 2011) /
Statement of responsibility, etc. Disusun oleh: Penasihat Undang-Undang MDC
260 ## - PUBLICATION, DISTRIBUTION, ETC.
Place of publication, distribution, etc. Kuala Lumpur:
Name of publisher, distributor, etc. MDC Publishers,
Date of publication, distribution, etc. 2017
300 ## - PHYSICAL DESCRIPTION
Extent 271 pages ;
Dimensions 27 cm.
490 1# - SERIES STATEMENT
Series statement UNDANG-UNDANG MALAYSIA
599 ## - LOCAL NOTE
Local Note DALAM PROSES
650 10 - SUBJECT ADDED ENTRY--TOPICAL TERM
Topical term or geographic name entry element Automobiles
General subdivision Law and legislation
Geographic subdivision Malaysia
9 (RLIN) 8658
650 20 - SUBJECT ADDED ENTRY--TOPICAL TERM
Topical term or geographic name entry element Transportation, Automative
General subdivision Law and legislation
Geographic subdivision Malaysia
9 (RLIN) 8998
650 20 - SUBJECT ADDED ENTRY--TOPICAL TERM
Topical term or geographic name entry element Commercial vehicles
General subdivision Law and legislation
Geographic subdivision Malaysia
9 (RLIN) 8656
830 #0 - SERIES ADDED ENTRY--UNIFORM TITLE
Uniform title Undang-undang Malaysia
9 (RLIN) 8999
942 ## - ADDED ENTRY ELEMENTS (KOHA)
Source of classification or shelving scheme
Koha item type Book
950 ## - LOCAL HOLDINGS (RLIN)
Permanent shelving location, LOC (RLIN) AKMAL
Holdings
Withdrawn status Lost status Source of classification or shelving scheme Damaged status Not for loan Collection code Home library Current library Shelving location Date acquired Inventory number Total Checkouts Full call number Barcode Date last seen Price effective from Koha item type
          NON-FICTION AKMAL Melaka AKMAL Melaka PINJAMAN 27.07.2017 307125   343.595094 MAL 201707460 27.07.2017 27.07.2017 Book
Pusat Sumber Maklumat Dato' Haji Sarmin Md Hussin, Akademi Kastam Diraja Malaysia, Melaka
Tel: 06-2331106 | Faks: 06-2313787